00534cam a2200193 a 4500001000800000005001700008008004100025010001700066020002800083040001800111041001100129080001600140082002000156100000700176101000800183240004000191245007900231504003000310331423120180131072234.0840702s1985 enk b 001 0 eng  a 84014436  a0120644606 (alk. paper) aDLCcDLCdDLC1 aengfre a001.642 ARS00a001.642 ARS2191 a28 aSHK10aBases de la programmation.lEnglish10aFoundations of programming /cJacques Arsac ; translated by Fraser Duncan. aBibliography: p. 261-262.